000 01203nam0a2200337 4500
001 RU\NLR\bibl\1750102
005 20250616120255.0
010 _a978-5-389-01447-3
_97000
021 _aRU
_b2011-16637
_91174
035 _a(nilc)RSL-KNO-004904970
035 _a(NLR Aleph) 001740966
090 _a1459082
_c1459082
100 _a20110321d2011 |||y0rusy50 ca
101 0 _arus
102 _aRU
105 _ay |||||||||
200 1 _aНевидимые руки
_eроман
_fСтиг Сетербаккен
_g[пер. с норв. Б. Жарова]
210 _aСанкт-Петербург
_cАзбука
_d2011
215 _a250, [1] с.
_d21
225 1 _aФиналист премий радиостанции Р2 и молодежного жюри критиков
225 1 _aДетектив-международный бестселлер
686 _aШ5(4Нр)62-644.6
_2rubbk
686 _aШ6(4Нр)67-440.4{Лх1468-50(60)}
700 1 _aСетербаккен
_bС.
_f1966-
_gСтиг
_4070
801 0 _aRU
_bRuMoRKP
_c20110321
_grcr
801 1 _aRU
_bRuMoRGB
_c20110321
801 2 _aRU
_bNLR
_c20110323
_grcr
942 _cBOOK
980 _aNB
980 _aNBR